Libertad y propiedad / (Record no. 93156)

MARC details
000 -LEADER
campo de control de longitud fija 00615nam a2200217 i 4500
001 - NÚMERO DE CONTROL
campo de control 93156
003 - IDENTIFICADOR DE NÚMERO DE CONTROL
campo de control ES-MaACL
005 - FECHA Y HORA DE LA ÚLTIMA TRANSACCIÓN
campo de control 20250728223634.0
007 - CAMPO FIJO DE DESCRIPCIÓN FÍSICA--INFORMACIÓN GENERAL
campo de control de longitud fija t|
008 - DATOS DE LONGITUD FIJA--INFORMACIÓN GENERAL
campo de control de longitud fija 050408s1965 sp ||||1| spa d
100 1# - ENTRADA PRINCIPAL--NOMBRE DE PERSONA
Nombre de persona Londoño, Carlos Mario.
9 (RLIN) 73221
245 10 - MENCIÓN DEL TÍTULO
Título Libertad y propiedad /
Mención de responsabilidad, etc. Carlos Mario Londoño.
260 ## - PUBLICACIÓN, DISTRIBUCIÓN, ETC.
Lugar de publicación, distribución, etc. Madrid :
Nombre del editor, distribuidor, etc. Rialp,
Fecha de publicación, distribución, etc. 1965.
300 ## - DESCRIPCIÓN FÍSICA
Extensión 195 p. ;
Dimensiones 20 cm.
490 1# - MENCIÓN DE SERIE
Mención de serie Naturaleza e Historia ;
Designación de volumen o secuencia 13
650 04 - PUNTO DE ACCESO ADICIONAL DE MATERIA--TÉRMINO DE MATERIA
Término de materia o nombre geográfico como elemento de entrada Propiedad.
9 (RLIN) 16476
830 00 - PUNTO DE ACCESO ADICIONAL DE SERIE-TÍTULO UNIFORME
Título uniforme Naturaleza e historia
Designación de volumen o secuencia 13
9 (RLIN) 182943
852 ## - LOCALIZACIÓN
Ubicación ES-MaACL
Número de control de estantería C-29113
Sublocalización o colección R.59476
852 ## - LOCALIZACIÓN
Ubicación ES-MaACL
Número de control de estantería E-4866
Holdings
Estatus retirado Estado de pérdida Estado de daño No para préstamo Biblioteca de origen Biblioteca actual Ubicación en estantería Fecha de adquisición Fuente de adquisición Total de préstamos Signatura topográfica completa Código de barras Visto por última vez Precio de reemplazo Tipo de ítem Koha
        Biblioteca del Ateneo de Madrid Biblioteca del Ateneo de Madrid Depósito 2 07/09/2016     E-4866 1196184 23/02/2023 23/02/2023 Libro impreso
        Biblioteca del Ateneo de Madrid Biblioteca del Ateneo de Madrid Depósito 2 17/01/2008     C-29113 1097241 23/02/2023 23/02/2023 Libro impreso